00386nam a2200169 a 4500001000800000005001700008008004100025010001700066020001500083040001300098041000800111080001200119082001600131100000600147101000800153245005500161203518420180125074109.0940408s1994 iaua 001 0 eng  a 92075379  a0697122522 aDLCcDLC aeng a611 HOL00a611 HOL2201 a7 aANA10aHuman anatomy /cJohn W. Hole, Jr., Karen A. Koos.